| 000 | 00772nam a2200217Ia 4500 | ||
|---|---|---|---|
| 999 |
_c27784 _d27784 |
||
| 005 | 20240530101810.0 | ||
| 008 | 140319s9999 xx 000 0 ara d | ||
| 017 | _bمصر. دار الكتب | ||
| 040 |
_aGCL / _cGCL |
||
| 082 | 0 | 4 |
_a301.1543 _bا ع _221 |
| 100 | 1 | _aاعضاء هيئة التدريس قسم الاجتماع | |
| 245 | 1 | 0 |
_aعاطف غيث والنقد الاجتماعى : _b"رؤى اجتماعية وسياسية" / _cاعضاء هيئة التدريس قسم الاجتماع |
| 260 | _c1991 | ||
| 300 | _a392 ص | ||
| 650 | 0 | 4 |
_aمصر _2qrmak |
| 650 | 0 | 4 |
_aالاحوال الاجتماعية _2qrmak |
| 650 | 0 | 4 |
_aمجانية التعليم _2qrmak |
| 650 | 0 | 4 |
_aالجامعة الاهلية _2qrmak |
| 651 | _2qrmak | ||
| 942 |
_2ddc _cBK |
||